La actividad física, el ejercicio y el deporte en niños y adolescentes. Recomendaciones en la salud y en la enfermedad

محفوظ في:
التفاصيل البيبلوغرافية
المؤلف الرئيسي: Rosselli C., Pablo (مؤلف)
التنسيق: كتاب
اللغة:الإسبانية
منشور في: Bogotá, Colombia Médica Panamericana 2017
الموضوعات:
الوسوم: إضافة وسم
لا توجد وسوم, كن أول من يضع وسما على هذه التسجيلة!

MARC

LEADER 00000cam a2200000 a 4500
001 UCC8293
003 CL-VaPUC
005 20210909074808.0
008 190617e20170000ck |||||||||||||||||spa|d
999 |c 374643  |d 374641 
020 |a 9789588443720 
040 |c Pontificia Universidad Católica de Valparaíso 
082 0 4 |a 613.71 ROS 2017  |2 21 
100 0 |a Rosselli C., Pablo  |e author  |9 602947 
245 1 3 |a La actividad física, el ejercicio y el deporte en niños y adolescentes.  |b Recomendaciones en la salud y en la enfermedad 
260 |a Bogotá, Colombia   |b Médica Panamericana  |c 2017 
300 |a 324 páginas  
583 |a last modification  |c 20190617 11:18:00  |k Rodrigo Vera 
650 0 |a Ejercicios físicos  |9 307296 
650 7 |a DEPORTES ESCOLARES  |2 CL-VaPUC  |9 308388 
852 |a BIBEDU 
942 |c BK  |2 ddc 
945 |d 20190617 11:18:00  |a dcastane 
952 |0 0  |1 0  |3 erb  |4 0  |6 613_710000000000000_ROS_2017  |7 0  |8 A  |9 493279  |a BIBEDU  |b BIBEDU  |c ES_NOD  |d 2019-06-12  |e 39  |g 79400.00  |i 5552567  |l 1  |o 613.71 ROS 2017  |p 5552567  |r 2024-11-20  |s 2024-11-05  |v 79400.00  |w 2019-11-24  |y BK  |z Catalogado en:20190617  |k EFI 
952 |0 0  |1 0  |3 erb  |4 0  |6 613_710000000000000_ROS_2017  |7 0  |8 A  |9 493280  |a BIBEDU  |b BIBEDU  |c ES_NOD  |d 2019-06-12  |e 39  |g 79400.00  |i 5552559  |o 613.71 ROS 2017  |p 5552559  |r 2023-08-09  |v 79400.00  |w 2019-11-24  |y BK  |z Catalogado en:20190617  |k EFI 
952 |0 0  |1 0  |3 erb  |4 0  |6 613_710000000000000_ROS_2017  |7 0  |8 A  |9 493281  |a BIBEDU  |b BIBEDU  |c ES_NOD  |d 2019-06-12  |e 39  |g 79400.00  |i 5552540  |l 1  |o 613.71 ROS 2017  |p 5552540  |r 2023-10-23  |s 2023-10-18  |v 79400.00  |w 2019-11-24  |y BK  |z Catalogado en:20190617  |k EFI 
952 |0 0  |1 0  |3 erb  |4 0  |6 613_710000000000000_ROS_2017  |7 0  |8 A  |9 493282  |a BIBEDU  |b BIBEDU  |c ES_NOD  |d 2019-06-12  |e 39  |g 79400.00  |i 5552532  |o 613.71 ROS 2017  |p 5552532  |r 2023-08-09  |v 79400.00  |w 2019-11-24  |y BK  |z Catalogado en:20190617  |k EFI 
952 |0 0  |1 0  |3 erb  |4 0  |6 613_710000000000000_ROS_2017  |7 0  |8 A  |9 493283  |a BIBEDU  |b BIBEDU  |c ES_NOD  |d 2019-06-12  |e 39  |g 79400.00  |i 5552524  |o 613.71 ROS 2017  |p 5552524  |r 2023-08-09  |v 79400.00  |w 2019-11-24  |y BK  |z Catalogado en:20190617  |k EFI